Currículos fronterizos : (Registro nro. 3983)
[ vista simple ]
| 000 -LEADER | |
|---|---|
| fixed length control field | 00938nam a2200229Ia 4500 |
| 003 - CONTROL NUMBER IDENTIFIER | |
| control field | OSt |
| 005 - DATE AND TIME OF LATEST TRANSACTION | |
| control field | 20200903101725.0 |
| 008 - FIXED-LENGTH DATA ELEMENTS--GENERAL INFORMATION | |
| fixed length control field | 191128s2018 ck gr 000 0 spa d |
| 020 ## - INTERNATIONAL STANDARD BOOK NUMBER | |
| International Standard Book Number | 9789587715545 |
| 040 ## - CATALOGING SOURCE | |
| Original cataloging agency | CO-JMCR |
| Transcribing agency | CO-JMCR |
| 082 04 - DEWEY DECIMAL CLASSIFICATION NUMBER | |
| Classification number | 375 .001 |
| Item number | M971c |
| Edition number | 23 |
| 100 1# - MAIN ENTRY--PERSONAL NAME | |
| Personal name | Muñoz García, Pablo Alexander, |
| Relator term | autor |
| 9 (RLIN) | 9681 |
| 245 10 - TITLE STATEMENT | |
| Title | Currículos fronterizos : |
| Remainder of title | una década de investigación en la Maestría en Práctica Pedagógica / |
| Statement of responsibility, etc. | Pablo Alexander Muñoz García |
| 250 ## - EDITION STATEMENT | |
| Edition statement | Primera Edición |
| 260 ## - PUBLICATION, DISTRIBUTION, ETC. | |
| Place of publication, distribution, etc. | Bogotá : |
| Name of publisher, distributor, etc. | Ecoe Ediciones : Universidad Francisco de Paula Santander, |
| Date of publication, distribution, etc. | 2017. |
| 300 ## - PHYSICAL DESCRIPTION | |
| Extent | 108 Páginas ; |
| Dimensions | 24 CM. |
| 505 0# - FORMATTED CONTENTS NOTE | |
| Formatted contents note | Aproximación al estado de arte -- Horizonte teórico -- Aporte investigación de la univesidad Francisco de Paula Santander |
| 650 24 - SUBJECT ADDED ENTRY--TOPICAL TERM | |
| Topical term or geographic name entry element | Investigación curricular |
| 9 (RLIN) | 9682 |
| 650 24 - SUBJECT ADDED ENTRY--TOPICAL TERM | |
| Topical term or geographic name entry element | Desarrollo curricular |
| 9 (RLIN) | 9683 |
| 650 24 - SUBJECT ADDED ENTRY--TOPICAL TERM | |
| Topical term or geographic name entry element | Investigaciones pedagogía |
| 9 (RLIN) | 9684 |
| 942 ## - ADDED ENTRY ELEMENTS (KOHA) | |
| Source of classification or shelving scheme | Dewey Decimal Classification |
| Koha item type | Books |
| Withdrawn status | Lost status | Source of classification or shelving scheme | Materials specified (bound volume or other part) | Damaged status | Not for loan | Home library | Current library | Shelving location | Date acquired | Source of acquisition | Total Checkouts | Full call number | Barcode | Date last seen | Date last checked out | Copy number | Price effective from | Koha item type |
|---|---|---|---|---|---|---|---|---|---|---|---|---|---|---|---|---|---|---|
| Dewey Decimal Classification | Canje--28/12/2018-- | Biblioteca Pública José María del Castillo y Rada | Biblioteca Pública José María del Castillo y Rada | General Stacks | 11/28/2019 | Donación | 1 | 375.001 / M971c | 201808944 | 05/16/2024 | 12/06/2023 | Ej.1 | 11/28/2019 | Books |